Marques de bouteille d'eau en France - Statistiques

Statistiques générales
  • Ce quiz a été pris 1 117 fois
  • Le résultat moyen est 7 sur 37
Statistiques - réponses
Réponse % Correct
Évian
95%
Cristaline
82%
Vittel
72%
Volvic
71%
Contrex
60%
Perrier
60%
Badoit
58%
Hépar
58%
Quézac
28%
Vichy Célestins
28%
La Salvetat
22%
Saint-Yorre
21%
Mont-Roucous
18%
Rozana
15%
Wattwiller
11%
Carola
7%
Plancoët
5%
Vals
5%
Celtic
3%
Châteldon
3%
Orezza
3%
Saint-Georges
3%
Société des eaux minérales d'Aix-les-Bains
3%
Alet
2%
Isabelle
2%
Jouvence
2%
Mont-Dore
2%
Parot
2%
Vernière
2%
Arvie
1%
Cilaos
1%
Matouba
1%
Sainte Marguerite
1%
Vernet
1%
Arcers
0%
Reine des Bazaltes
0%
Source Saint-Michel de Mourcairol
0%
Aucun quiz correspondant
Distribution des résultats
% des personnes avec chaque résultat
Percentile par nombre de réponses
Votre historique - résultats
Vous n’avez pas pris ce quiz